<?xml version="1.0" encoding="UTF-8"?>
<collection xmlns="http://www.loc.gov/MARC21/slim">
  <record>
    <leader>00000nam  2200000   4500</leader>
    <controlfield tag="001">INLIS000000000014642</controlfield>
    <controlfield tag="005">20220925100243</controlfield>
    <datafield tag="035" ind1="#" ind2="#">
      <subfield code="a">0010-0922001404</subfield>
    </datafield>
    <controlfield tag="001">INLIS000000000014640</controlfield>
    <controlfield tag="005">20220925095121</controlfield>
    <datafield tag="035" ind1="#" ind2="#">
      <subfield code="a">0010-0922001403</subfield>
    </datafield>
    <datafield tag="035" ind1="#" ind2="#">
      <subfield code="a">0010-0922001402</subfield>
    </datafield>
    <datafield tag="245" ind1="1" ind2="#">
      <subfield code="a">Sistem Monitoring Kinerja Perangkat Daerah di Kabupaten Kutai Timur (SEMAKIN PD)    Bappeda Kabupaten Kutai Timur /</subfield>
      <subfield code="c">Hendra Ekayana, ST., MT</subfield>
    </datafield>
    <datafield tag="100" ind1="1" ind2="#">
      <subfield code="a">EKAYANA, Hendra</subfield>
    </datafield>
    <datafield tag="250" ind1="#" ind2="#">
      <subfield code="a">1</subfield>
    </datafield>
    <datafield tag="300" ind1="#" ind2="#">
      <subfield code="a">v, 70 halaman ; lampiran :</subfield>
      <subfield code="b">ilustrasi ;</subfield>
      <subfield code="c">30 cm</subfield>
    </datafield>
    <datafield tag="260" ind1="#" ind2="#">
      <subfield code="a">Samarinda :</subfield>
      <subfield code="b">Puslatbang KDOD,</subfield>
      <subfield code="c">2021</subfield>
    </datafield>
    <datafield tag="084" ind1="#" ind2="#">
      <subfield code="a">PKA 103 2021</subfield>
    </datafield>
    <datafield tag="650" ind1="#" ind2="4">
      <subfield code="a">Proyek Perubahan</subfield>
    </datafield>
    <datafield tag="650" ind1="#" ind2="4">
      <subfield code="a">Administrator</subfield>
    </datafield>
    <datafield tag="650" ind1="#" ind2="4">
      <subfield code="a">sistem informasi</subfield>
    </datafield>
    <datafield tag="650" ind1="#" ind2="4">
      <subfield code="a">teknologi informasi</subfield>
    </datafield>
    <datafield tag="650" ind1="#" ind2="4">
      <subfield code="a">manajemen database</subfield>
    </datafield>
    <datafield tag="650" ind1="#" ind2="4">
      <subfield code="a">kinerja organisasi</subfield>
    </datafield>
    <datafield tag="650" ind1="#" ind2="4">
      <subfield code="a">pengawasan organisasi</subfield>
    </datafield>
    <datafield tag="520" ind1="#" ind2="#">
      <subfield code="a">Laporan proyek perubahan ini menjelaskan belum optimalnya system monitoring kinerja perangkat daerah yang disebabkan belum optimalnya aplikasi Sistem Informasi Pemerintahan Daerah (SIPD) , perubahan kebijakan perencanaan dan penganggaran karena pandemic dan belum optimalnya pendataan sebagai database perencanaan pembangunan. Inovasi Sistem Monitoring Kinerja Perangkat Daerah di Kabupaten Kutai Timur( SEMAKIN PD) adalah aplikasi monitoring capaian kinerja perangkat daerah terhadap target indicator yang ditetapkan dalam RPJMD Kabupaten Kutai Timur Tahun 2021-2026 secara objektif, transparan efektif dan efisien berbasis web dan android agar proses monitoring dapat lebih cepat dan tepat</subfield>
    </datafield>
    <datafield tag="500" ind1="#" ind2="#">
      <subfield code="a">Coach : Muhammad Abdi Rahman, S.Sos, M.Si&#13;
Penguji : Meita Ahadiyati Kartikaningsih, S.Si, MPP,Ph.D&#13;
Mentor : Ir. SUPRIHANTO, CES</subfield>
    </datafield>
    <datafield tag="990" ind1="#" ind2="#">
      <subfield code="a">PKA/103/2021</subfield>
    </datafield>
  </record>
</collection>
